Atlas biologie animale - 2. les grandes fonctions (Record no. 47572)
[ view plain ]
| 000 -LEADER | |
|---|---|
| fixed length control field | 00527nam a22001937a 4500 |
| 003 - CONTROL NUMBER IDENTIFIER | |
| control field | 0 |
| 005 - DATE AND TIME OF LATEST TRANSACTION | |
| control field | 20160609165735.0 |
| 008 - FIXED-LENGTH DATA ELEMENTS--GENERAL INFORMATION | |
| fixed length control field | 100817t xxu||||| |||| 00| 0 eng d |
| 020 ## - NUMERO INTERNATIONAL NORMALISE DES LIVRES | |
| International Standard Book Number | 978-2-10-052135-7 |
| 040 ## - SOURCE DU CATALOGAGE | |
| Original cataloging agency | BIDOC |
| Language of cataloging | fr |
| Transcribing agency | bidoc |
| 100 ## - VEDETTE PRINCIPALE - NOM DE PERSONNE | |
| Personal name | HEUSSER, Sandrine |
| 9 (RLIN) | 8610 |
| 245 ## - TITLE STATEMENT | |
| Title | Atlas biologie animale - 2. les grandes fonctions |
| 250 ## - EDITION STATEMENT | |
| Edition statement | 2e |
| 260 ## - PUBLICATION, DISTRIBUTION, ETC. (IMPRINT) | |
| Place of publication, distribution, etc | Paris |
| Name of publisher, distributor, etc | Dunod |
| Date of publication, distribution, etc | 2008 |
| 300 ## - PHYSICAL DESCRIPTION | |
| Extent | 214 p. |
| Other physical details | couv. ill. en coul., ill. |
| Dimensions | 26 cm. |
| 600 ## - SUBJECT ADDED ENTRY--PERSONAL NAME | |
| Personal name | DUPUY, Henri |
| 9 (RLIN) | 8611 |
| 650 ## - SUBJECT ADDED ENTRY--TOPICAL TERM | |
| Topical term or geographic name as entry element | Zoologie |
| 9 (RLIN) | 8612 |
| 942 ## - ADDED ENTRY ELEMENTS (KOHA) | |
| Koha item type | Livre |
| Withdrawn status | Lost status | Damaged status | Not for loan | Location (home branch) | Sublocation or collection (holding branch) | Date acquired | Source of acquisition | Koha issues (times borrowed) | Koha full call number | Koha date last seen | Copy number | Price effective from | Koha item type |
|---|---|---|---|---|---|---|---|---|---|---|---|---|---|
| Bibliothèque-Centre de Documentation de la Faculté des Sciences Agronomiques | Bibliothèque-Centre de Documentation de la Faculté des Sciences Agronomiques | 18/08/2010 | Ambassade de France | PA.2008.009 | 18/08/2010 | 1 | 18/08/2010 | Livre |